Laser màu phát xung ngắn có buồng cộng hưởng dập tắt Luận văn thạc Quang học. Chuyên ngành: Quang học. Mã số: 60 44 11

Uloženo v:
Podrobná bibliografie
Hlavní autor: Phạm, Đức Thọ
Další autoři: Đoàn Hoài Sơn (Hướng dẫn)
Médium: Diplomová práce Souprava Kniha
Vydáno: Vinh Đại học Vinh 2011
Témata:
Tagy: Přidat tag
Žádné tagy, Buďte první, kdo otaguje tento záznam!
Thư viện lưu trữ: Trung tâm Học liệu Lê Vũ Hùng, Trường Đại học Đồng Tháp
LEADER 01088ppm a22003018a 4500
001 00036642
008 170315s2011 ||||||Viesd
005 20171026081025.0
041 0 # |a Vie 
082 1 4 |a 535.5  |b L100M 
100 1 # |a Phạm, Đức Thọ 
245 0 0 |a Laser màu phát xung ngắn có buồng cộng hưởng dập tắt  |b Luận văn thạc Quang học. Chuyên ngành: Quang học. Mã số: 60 44 11  |c Phạm Đức Thọ ; Đoàn Hoài Sơn (hướng dẫn) 
260 # # |a Vinh  |b Đại học Vinh  |c 2011 
300 # # |a 37tr.  |c 30cm. 
500 # # |a ĐTTTS ghi: Bộ giáo dục và đào tạo. Đại học Vinh 
653 # # |a Cộng hưởng 
653 # # |a Laser 
653 # # |a Vật lý 
653 # # |a Quang học 
653 # # |a Luận văn 
700 1 # |a Đoàn Hoài Sơn  |e Hướng dẫn 
852 # # |j LV.0001051 
852 # # |b Kho đọc SĐH  |j LV.0001051 
910 |d 15/03/2017 
980 # # |a Trung tâm Học liệu Lê Vũ Hùng, Trường Đại học Đồng Tháp